000
00302nam a22001337a 4500
008
190225b xxu||||| |||| 00| 0 eng d
020
_a
020175407
041
_a
eng
080
_2
5th
_a
510
100
_a
36
101
_a
MAT
245
_a
Calculus and Analysis Geometry
_c
Thomas, G.B
942
_2
udc
_c
BK
999
_c
54229
_d
54229